| 000 | 00406nam a2200169Ia 4500 | ||
|---|---|---|---|
| 008 | 180921t2015 xxu||||| |||| 00| 1 sin d | ||
| 041 | _asin | ||
| 080 |
_aX8C31 _bGAM |
||
| 100 | _aGamlath, G.R. Padmasiri | ||
| 245 | _aරංසිනා | ||
| 246 | _aRansina | ||
| 260 |
_bAuthor _aRuwanwella _c2015 |
||
| 300 | _a159p., 21cm | ||
| 942 | _cBK | ||
| 999 |
_c8354 _d8354 |
||
| 003 | LK-CoDNM | ||
| 040 |
_aLK-CoDNM _dLK-CoDNM _eLK-CoDNM |
||